=LDR 00000nam 2200000 4500 =001 INLIS000000000002172 =005 20130612090530 =008 ***********************************Ind** =035 ##$$0010-061300000002172 =041 ##$$a Ind =082 ##$$a 726.1 =090 ##$$a 726.1, Rel t =245 ##$$a The relief of Ramayana at the temple of Ciwa and Brahma, Brambanan =260 ##$$a 1990 $b Jakarta =300 ##$$a vii,94 hlm, ilus, 18 CM =650 ##$$a Candi Prambanan =850 ##$$a NBPNMAT